Places To Study

There are group study rooms, individual study carrels, computer labs, and other spaces to study in the Libraries.

Reserve A Group Room

Online Resources

Access thousands of eBooks, audiobooks, and online journals from the comfort of your home.

Explore Resources

Events and Workshops

Join our upcoming events and workshops to enhance your skills and knowledge.

View Events

An annotated Translation of the Pārājikakaṇḍa of the Samantapāsādikā Together with a general introduction / (Record no. 2467)

MARC details
000 -LEADER
fixed length control field 00982nam a22002057a 4500
003 - CONTROL NUMBER IDENTIFIER
control field OSt
005 - DATE AND TIME OF LATEST TRANSACTION
control field 20251114085546.0
008 - FIXED-LENGTH DATA ELEMENTS--GENERAL INFORMATION
fixed length control field 251114b |||||||| |||| 00| 0 eng d
040 ## - CATALOGING SOURCE
Transcribing agency DCL
082 ## - DEWEY DECIMAL CLASSIFICATION NUMBER
Classification number T-2 Ph.D.
100 0# - MAIN ENTRY--PERSONAL NAME
Personal name Vannasiri, U, Ven
Numeration 2007/ Ph.D. /557
245 1# - TITLE STATEMENT
Title An annotated Translation of the Pārājikakaṇḍa of the Samantapāsādikā Together with a general introduction /
Statement of responsibility, etc. by Ven. U Vannasiri.
264 ## - PRODUCTION, PUBLICATION, DISTRIBUTION, MANUFACTURE, AND COPYRIGHT NOTICE
Place of production, publication, distribution, manufacture Sri Lanka :
Name of producer, publisher, distributor, manufacturer The University of Kelaniya,
Date of production, publication, distribution, manufacture, or copyright notice 2011.
300 ## - PHYSICAL DESCRIPTION
Extent xii, 385 pages ;
Dimensions 30 cm.
502 ## - DISSERTATION NOTE
Dissertation note This Dissertation consists of two parts - a general introduction and an annotated translation of the commentary on the first of Pārājika of the Samantapāsādikā(sp). And the second part is devoted to the annotated translation of the commentry on the first Pārājika.<br/>
Degree type Ph. D.
Name of granting institution The University of Kelaniya,
Year degree granted 2011.
650 ## - SUBJECT ADDED ENTRY--TOPICAL TERM
Topical term or geographic name entry element Ph.D. Dissertation
650 ## - SUBJECT ADDED ENTRY--TOPICAL TERM
Topical term or geographic name entry element Pārājikakaṇḍa
650 ## - SUBJECT ADDED ENTRY--TOPICAL TERM
Topical term or geographic name entry element Samantapāsādikā
942 ## - ADDED ENTRY ELEMENTS (KOHA)
Source of classification or shelving scheme Dewey Decimal Classification
Koha item type Thesis
Suppress in OPAC No
Holdings
Withdrawn status Lost status Source of classification or shelving scheme Damaged status Not for loan Collection Accession No. Home library Current library Shelving location Date acquired Total checkouts Full call number Barcode Date last seen Price effective from Koha item type
    Dewey Decimal Classification   Not For Loan Reference Collection T-2 Ph.D. Dhammadhara Dhammadhara Reference Shelves 14/11/2025   T-2 Ph.D. T-2 Ph.D. 14/11/2025 14/11/2025 Thesis